2009&2010 Horror Movie Taglines Quiz Stats

 Plays Quiz not verified by Sporcle

Score 0/35 Timer 10:00
0 Plays Today
Movies % Correct
Welcom to Crystal LakeFriday the 13th
87.1%
Welcome To Your New NightmareA Nightmare On Elm Street
80.6%
Christine Brown Has A Good Job, A Great Boyfriend And A Bright Future. But In Three Days, She's Going To Hell. Drag Me To Hell
72.6%
There's Something Wrong With EstherOrphan
71.5%
She's Evil..... And Not Just High School EvilJennifer's Body
58.8%
57.1%
Get Your Heart BrokenMy Bloody Valentine
54.4%
The Sisters Of Thfta Pi Are Dying To Keep A SecretSorority Row
52.9%
When The Moon Is Full. The Legend Comes To LifeThe Wolfman
52.6%
This Fall, Daddy's HomeThe Stepfather
51.2%
The Traps Come AliveSaw 3D
50%
This Summer 3D Shows It's TeethPiranha 3D
46.2%
What Happens When You SleepParanormal Activity
44.4%
He Helped MeSaw VI
44.1%
Some Cases Should Never Be OpenedCase 39
38.5%
Nut Up Or Shut UpZombieland
37.1%
Rest In PiecesThe Final Destination
35.6%
33.8%
Movies % Correct
33.8%
Family Is ForeverHalloween 2
32.6%
The Most Dangerous Killers On the Planet.... But This Is Not Our PlanetPredators
31.5%
Steady Your Nerves, Your Sleepless Nights Are About To ReturnParanormal Activity 2
29.1%
Innocence Dies. Abby Doesn't. Let Me In
28.2%
In 2019 The Most Precious Natural Resource.... Is UsDaybreakers
27.6%
Bad Things Happen For A ReasonDevil
27.4%
Only One Has The Power To Save Their Souls. My Soul To Take
25.9%
Fear Thy NeighborThe Crazies
25.6%
Believe In HimThe Last Exorcism
22.6%
More Devastating Than Deliverance!I Spit On Your Grave
22.1%
Every War Has a BeginningUnderworld Rise of the Lycans
20%
Fear Moves inThe Uninvited
17.6%
Someone Is MissingShutter Island
17.4%
You Are The ExperimentThe Box
16.8%
Paul Conroy Isn't Ready To Die.Buried
16.8%
Fear Runs Deep, Revenge Runs DeeperThe Descent Part 2
16.2%

You're not logged in!

Compare scores with friends on all Sporcle quizzes.
OR
Log In

Show Comments

Extras

Top Quizzes Today


Score Distribution

Your Account Isn't Verified!

In order to create a playlist on Sporcle, you need to verify the email address you used during registration. Go to your Sporcle Settings to finish the process.

Report this User

Report this user for behavior that violates our Community Guidelines.

Details: